00799nam a2200181Ia 4500008004100000020001500041041001200056082001100068100001700079245004800096260004200144300000800186650000800194942000700202999001500209952019600224952019700420221030s9999 xx 000 0 und d a818845804X aEnglish a105.23 aA. K. Gautam 0aAntenna & Wave Propagationcby A. K. Gautam bS. K. Kataria & SonsaNew Delhic2009 a508 aECE cBK c8973d8973 pBE 10648g250.00i83l0o105.23 eDurga Books, Amritsarr2024-06-13 00:00:00w2022-10-30yBK003Print4071aMIETLIBbMIETLIBcBL-Academic Block B, FL-1, CUP-74, SH-6, R-6d2010-03-1110HBE pBE 10649g250.00i83l0o105.23 eDurga Books, Amritsarr2024-06-13 00:00:00w2022-10-30yBK003Print4070aMIETLIBbMIETLIBcBL-Academic Block A, FL-1, CUP-159, SH-5, R-5d2010-03-1110HBE